|
|
|
|
| LEADER |
00664cam a2200193 7i4500 |
| 001 |
0000052580 |
| 005 |
20190508090000.0 |
| 020 |
|
|
|a 9788854403338 (hbk.)
|
| 090 |
0 |
0 |
|a QH91
|b .M65 2008
|
| 100 |
1 |
|
|a Mojetta, Angelo
|
| 245 |
1 |
0 |
|a Underwater paradise :
|b Red Sea, the Maldives, Malaysia and the Caribbean
|c Angelo Mojetta, Andrea and Antonella Ferrari.
|
| 260 |
|
|
|a Vercelli, Italy:
|b White Star Publishers,
|c 2008.
|
| 300 |
|
|
|a 384 p.:
|b col. ill.;
|c 30 cm.
|
| 650 |
0 |
0 |
|a Coral reef ecology
|
| 650 |
0 |
0 |
|a Natural history
|
| 650 |
0 |
0 |
|a Fishes
|
| 700 |
1 |
|
|a Ferrari, Antonella
|
| 700 |
1 |
|
|a Ferrari, Andrea
|
| 999 |
|
|
|a 0000066963
|b BOK
|c OPEN SHELF
|e 2nd Floor, Bestari Jaya
|